000
00312nam a2200133Ia 4500
008
240624s9999 xx 000 0 und d
041
_a
eng
082
_a
891.46 DAM
100
_a
DAMLE SMITA
245
_a
UDAYAST MARATHI
260
_c
2013
_a
Kolhapur
_b
Riya Publications
300
_a
296 p.
365
_c
RS
_b
25
999
_c
30181
_d
30181